[Event "Hallstahammar op"]
[Site "Hallstahammar"]
[Date "2003.09.14"]
[Round "7"]
[White "Larsson, Daniel"]
[Black "Korsar, Jimmy"]
[Result "1-0"]
[WhiteElo "1383"]
[BlackElo "1155"]
[PlyCount "64"]
[EventDate "2003.09.12"]
[EventType "swiss"]
[EventRounds "7"]
[EventCountry "SWE"]
[SourceTitle "CBM 096 Extra"]
[Source "ChessBase"]
[SourceDate "2003.10.22"]
[SourceVersion "2"]
[SourceVersionDate "2003.10.20"]
[SourceQuality "1"]

1. e4 e5 2. Nf3 Nc6 3. Nc3 Bb4 4. Bc4 Bxc3 5. dxc3 Nf6 6. Bg5 h6 7. Bxf6 Qxf6 8. 0-0 Qg6 9. Re1 d6 10. Qd3 Bh3 11. Nh4 Qh5 12. Qxh3 g5 13. Nf5 Qxh3 14. gxh3 Na5 15. Bb3 f6 16. Ba4+ Kf7 17. b4 Nc4 18. Bb3 b5 19. Ne3 Ke7 20. Nxc4 bxc4 21. Bxc4 c6 22. Rad1 Rad8 23. Rd2 h5 24. Red1 h4 25. Bb3 Rh7 26. Ba4 Rg7 27. f3 Ke6 28. Bxc6 f5 29. exf5+ Kxf5 30. Rxd6 Rxd6 31. Rxd6 Rc7 32. Kf2 e4 1-0

[Event "Hallstahammar op"]
[Site "Hallstahammar"]
[Date "2003.09.13"]
[Round "5"]
[White "Morsare, Knut"]
[Black "Korsar, Jimmy"]
[Result "1-0"]
[WhiteElo "1520"]
[BlackElo "1155"]
[PlyCount "72"]
[EventDate "2003.09.12"]
[EventType "swiss"]
[EventRounds "7"]
[EventCountry "SWE"]
[SourceTitle "CBM 096 Extra"]
[Source "ChessBase"]
[SourceDate "2003.10.22"]
[SourceVersion "2"]
[SourceVersionDate "2003.10.20"]
[SourceQuality "1"]

1. c4 e5 2. Nc3 Nf6 3. d3 Bb4 4. Bd2 Nc6 5. a3 Bxc3 6. Bxc3 d5 7. cxd5 Nxd5 8. Bd2 0-0 9. h3 f5 10. Nf3 Qf6 11. Qb3 Be6 12. Ng5 h6 13. Nxe6 Qxe6 14. Bc3 Qf7 15. Qxb7 Nxc3 16. Qxc6 Nd5 17. Rc1 e4 18. e3 f4 19. dxe4 fxe3 20. Qxd5 Qxd5 21. exd5 exf2+ 22. Kd2 Rf5 23. Kc2 Kf8 24. Be2 Rxd5 25. Bf3 Rc5+ 26. Kb1 Rxc1+ 27. Kxc1 Re8 28. Kd2 g5 29. Rf1 Rb8 30. b4 a5 31. bxa5 Rb2+ 32. Kc3 Ra2 33. Kb3 Kg7 34. a6 Kf6 35. a7 Ke5 36. a8Q Kd4 1-0